The Macroeconomic Impacts of Counterpart Funds.

This paper analyzes the macroeconomic impacts of the creation, accumulation, and use of counterpart funds. It draws attention to the importance of including counterpart funds in the design of macroeconomic policies to ensure their consistency. It shows that the creation or accumulation of counterpar...

Deskribapen osoa

Xehetasun bibliografikoak
Erakunde egilea: International Monetary Fund
Formatua: Aldizkaria
Hizkuntza:English
Argitaratua: Washington, D.C. : International Monetary Fund, 1989.
Saila:IMF Working Papers; Working Paper ; No. 1989/063
Sarrera elektronikoa:Full text available on IMF
LEADER 01512cas a2200241 a 4500
001 AALejournalIMF010057
008 230101c9999 xx r poo 0 0eng d
020 |c 5.00 USD 
020 |z 9781451963465 
022 |a 1018-5941 
040 |a BD-DhAAL  |c BD-DhAAL 
110 2 |a International Monetary Fund. 
245 1 4 |a The Macroeconomic Impacts of Counterpart Funds. 
264 1 |a Washington, D.C. :  |b International Monetary Fund,  |c 1989. 
300 |a 1 online resource (22 pages) 
490 1 |a IMF Working Papers 
500 |a <strong>Off-Campus Access:</strong> No User ID or Password Required 
500 |a <strong>On-Campus Access:</strong> No User ID or Password Required 
506 |a Electronic access restricted to authorized BRAC University faculty, staff and students 
520 3 |a This paper analyzes the macroeconomic impacts of the creation, accumulation, and use of counterpart funds. It draws attention to the importance of including counterpart funds in the design of macroeconomic policies to ensure their consistency. It shows that the creation or accumulation of counterpart funds in most cases is deflationary while their uses are inflationary. One conclusion is that 'untied' counterpart funds are more appropriate for countries implementing an adjustment program. 
538 |a Mode of access: Internet 
830 0 |a IMF Working Papers; Working Paper ;  |v No. 1989/063 
856 4 0 |z Full text available on IMF  |u http://elibrary.imf.org/view/journals/001/1989/063/001.1989.issue-063-en.xml  |z IMF e-Library